=LDR 00000nam 2200000 4500 =001 000477 =005 20250711021553 =035 ##$$a 0010-0725000339 =007 ta =008 250711################a##########0#ind## =020 ##$$a 978-623-307-637-1 =082 ##$$a 398.209 598 =100 #$$a Komar Rien Komar Cheh =245 1#$$a Mereka semua pergi ke ladang /$c Komar Rien komar cheh =250 ##$$a Pertama =260 ##$$a Jakarta :$b Badan pengembangan dan pembinaan bahasa,$c 2022 =300 ##$$a 16 hlm. : $b ilus. ; $c 22,9 cm =650 #4$$a Cerita anak Indonesia terjemahan =650 #4$$a Literasi bahan bacaan =700 #$$a Meng sok pheng =084 ##$$a 398.209 598 KOM m =990 ##$$a TBM202400227